[Event "Olomouc Chess Summer 2023 - A2"]
[Site "Olomouc (CZE), Hotel Flora"]
[Date "2023.08.17"]
[Round "7"]
[Board "2"]
[White "Stalmach, Richard"]
[Black "Neuman, Petr"]
[Result "0-1"]
[WhiteElo "2433"]
[BlackElo "2370"]
[PlyCount "0"]
[EventDate "2023.08.12"]
[EventRounds "9"]
[EventCountry "CZE"]

1. d4 d5 2. c4 e6 3. Nc3 a6 4. cxd5 exd5 5. Nf3 Nf6 6. Bf4 Bd6 7. Be5 Be6 8. e3 Nc6
9. Bxd6 Qxd6 10. Bd3 Bg4 11. h3 Bxf3 12. Qxf3 Nd8 13. O-O Ne6 14. Rad1 c6 15. Bb1
O-O 16. Qf5 Qe7 17. f4 Nc7 18. Rf3 Nb5 19. Rg3 Nxc3 20. bxc3 g6 21. h4 Kh8 22. Qg5
Rg8 23. Kf2 Rae8 24. Rh1 Nh5 25. Rgh3 f6 26. Qg4 f5 27. Qf3 Qa3 28. Rd1 Nf6 29. h5
Ng4+ 30. Kg1 Rxe3 31. hxg6 Rxg6 32. Qxe3 Nxe3 33. Rxe3 Qb2 34. g3 Rf6 35. Rde1 Kg7
36. Rf3 b5 37. Kf1 b4 38. cxb4 Qxd4 39. a3 Rh6 40. Re7+ Kf8 41. Rfe3 Qd1+  0-1

[Event "Olomouc Chess Summer 2023 - A2"]
[Site "Olomouc (CZE), Hotel Flora"]
[Date "2023.08.17"]
[Round "7"]
[Board "3"]
[White "Vlasak, Lukas"]
[Black "Kulkarni, Bhakti"]
[Result "1/2-1/2"]
[WhiteElo "2450"]
[BlackElo "2345"]
[PlyCount "0"]
[EventDate "2023.08.12"]
[EventRounds "9"]
[EventCountry "CZE"]

1. d4 f5 2. Nf3 Nf6 3. g3 e6 4. Bg2 d5 5. c4 Be7 6. Qc2 Ne4 7. Nc3 c6 8. O-O Nd7
9. Rb1 a5 10. a3 O-O 11. b4 axb4 12. axb4 Nb6 13. c5 Nc4 14. Nxe4 fxe4 15. Ne5 Nxe5
16. dxe5 Bd7 17. Bh3 Qe8 18. Bb2 Qh5 19. Bg2 Be8 20. Bd4 Bg6 21. Qb2 e3 22. Ra1 exf2+
23. Bxf2 h6 24. Bd4 Bf5 25. Rf2  1/2-1/2

[Event "Olomouc Chess Summer 2023 - A2"]
[Site "Olomouc (CZE), Hotel Flora"]
[Date "2023.08.17"]
[Round "7"]
[Board "4"]
[White "Polak, Tomas"]
[Black "Dzida, Kamil"]
[Result "1/2-1/2"]
[WhiteElo "2520"]
[BlackElo "2356"]
[PlyCount "0"]
[EventDate "2023.08.12"]
[EventRounds "9"]
[EventCountry "CZE"]

1. Nf3 Nf6 2. c4 e6 3. Nc3 d5 4. d4 Bb4 5. g3 O-O 6. Bg2 dxc4 7. O-O c5 8. dxc5 Nc6
9. Qc2 Bxc5 10. Bg5 Be7 11. Rfd1 Qa5 12. Bxf6 Bxf6 13. Ne4 Be7 14. Qxc4 e5 15. Nc3
Be6 16. Nd5 Rfe8 17. Nxe7+ Rxe7 18. Qe4 f6 19. Rd2 Rd8 20. Rxd8+  1/2-1/2

[Event "Olomouc Chess Summer 2023 - A2"]
[Site "Olomouc (CZE), Hotel Flora"]
[Date "2023.08.17"]
[Round "7"]
[Board "5"]
[White "Delgerdalai, Bayarjavkhlan"]
[Black "Rubes, Jan"]
[Result "0-1"]
[WhiteElo "2273"]
[BlackElo "2402"]
[PlyCount "0"]
[EventDate "2023.08.12"]
[EventRounds "9"]
[EventCountry "CZE"]

1. d4 Nf6 2. c4 e6 3. Nf3 b6 4. a3 Bb7 5. Nc3 d5 6. cxd5 Nxd5 7. Qc2 Be7 8. e4 Nxc3
9. bxc3 O-O 10. Bd3 c5 11. O-O Qc8 12. Qe2 cxd4 13. cxd4 Ba6 14. e5 Bxd3 15. Qxd3
Nd7 16. Bg5 Qd8 17. Bxe7 Qxe7 18. Rfc1 Rfd8 19. a4 h6 20. Rc2 Rac8 21. Rac1 Rxc2
22. Qxc2 Nf8 23. g3 Rd5 24. Qb3 Qd7 25. Rc4 b5 26. Rb4 a6 27. axb5 a5 28. Ra4 Rxb5
29. Qc4 Ng6 30. Ra1 Ne7 31. Ne1 Nf5 32. Nc2 h5 33. h4 Qb7 34. Rd1 Qf3 35. Qd3 Qd5
36. Ne3 Nxe3 37. Qxe3 a4 38. Rc1 Rb8 39. Qc3 Rd8 40. Rd1 Ra8 41. Ra1 Qb7 42. Qa3
g6 43. Kh2 Qe4 44. Qc3 Kg7 45. Qb2 Rc8 46. Qd2 Rc2 47. Qf4 Qxf4 48. gxf4 Rc4 49.
Ra3 Rxd4 50. Kg3 Rb4 51. f3 Kf8 52. Rc3 Ke8 53. Rc7 Rb1 54. Ra7 Ra1 55. f5 gxf5 56.
Kf4 Kf8 57. Kg5 Kg7 58. f4 a3 59. Kxh5 a2 60. Ra8 Kh7 61. Ra7 Kg7 62. Ra8 Rf1 63.
Rxa2 Rxf4 64. Rg2+ Kf8 65. Kg5 Re4 66. h5 f4 67. h6 Rxe5+ 68. Kh4 Re1 69. Rh2 Kg8
70. Kg5 Rg1+ 71. Kxf4 Kh7 72. Ke5 Rf1 73. Rh5 Rf2 74. Kd6 Rf6 75. Ke5 Rxh6  0-1

[Event "Olomouc Chess Summer 2023 - A2"]
[Site "Olomouc (CZE), Hotel Flora"]
[Date "2023.08.18"]
[Round "8"]
[Board "1"]
[White "Levitan, Tal"]
[Black "Rubes, Jan"]
[Result "0-1"]
[WhiteElo "2321"]
[BlackElo "2402"]
[PlyCount "0"]
[EventDate "2023.08.12"]
[EventRounds "9"]
[EventCountry "CZE"]

1. e4 c5 2. c3 Nf6 3. e5 Nd5 4. d4 cxd4 5. cxd4 d6 6. Nf3 Nc6 7. Bc4 Nb6 8. Bb5 Bd7
9. Nc3 dxe5 10. d5 Nb4 11. Nxe5 Bxb5 12. Nxb5 a6 13. Nc3 Qd6 14. Bf4 N4xd5 15. Nxd5
Qxd5 16. Qe2 f6 17. Nf3 e5 18. O-O Be7 19. Be3 Nc4 20. Rfd1 Qe6 21. Rac1 b5 22. b3
Nxe3 23. Qxe3 O-O 24. Nd4 Qf7 25. Nc6 Rfc8 26. Rd7 Bc5 27. Qd3 Qe6 28. Nd8 Bxf2+
29. Kxf2 Qb6+ 30. Ke2 Rxd8 31. Qd5+ Kh8 32. Rc6 Rxd7 33. Qxd7 Qb8 34. Rc7 Qg8 35.
Rc6 h6 36. Qb7 Rd8 37. Rxa6 Qe8 38. g4 Qg6 39. Ra8 Qxg4+ 40. Kf2 Qd4+ 41. Kg2 Qd2+
42. Kg3 Qd3+ 43. Kg2 Rxa8 44. Qxa8+ Kh7 45. a4 Qc2+ 46. Kg1 bxa4 47. bxa4 e4  0-1

[Event "Olomouc Chess Summer 2023 - A2"]
[Site "Olomouc (CZE), Hotel Flora"]
[Date "2023.08.18"]
[Round "8"]
[Board "2"]
[White "Dzida, Kamil"]
[Black "Delgerdalai, Bayarjavkhlan"]
[Result "1-0"]
[WhiteElo "2356"]
[BlackElo "2273"]
[PlyCount "0"]
[EventDate "2023.08.12"]
[EventRounds "9"]
[EventCountry "CZE"]

1. d4 d5 2. c4 e6 3. Nf3 Nf6 4. Nc3 Be7 5. Bg5 h6 6. Bxf6 Bxf6 7. e3 c6 8. Bd3 Nd7
9. O-O O-O 10. h3 dxc4 11. Bxc4 e5 12. Bb3 exd4 13. exd4 Nb6 14. Re1 Bf5 15. Qd2
Qd6 16. Ne5 Bxe5 17. Rxe5 Bg6 18. Rae1 Rad8 19. Re7 Rd7 20. Qe3 Rfd8 21. Re8+ Kh7
22. Rxd8 Rxd8 23. Qf3 Kg8 24. h4 Qf6 25. Qxf6 gxf6 26. Rd1 Bf5 27. Kf1 Kf8 28. Ke2
Ke7 29. d5 c5 30. d6+ Rxd6 31. Rxd6 Kxd6 32. Bxf7 Ke5 33. Ke3 a6 34. f3 Bc2 35. b3
Nc8 36. f4+ Kd6 37. Bd5 b5 38. Bb7 Ne7 39. Bxa6 b4 40. Ne4+ Bxe4 41. Kxe4 f5+ 42.
Kd3 Nd5 43. g3 Nb6 44. Bb7 Ke6 45. Bg2 Kf6 46. Bf3 Kg6 47. g4 fxg4 48. Bxg4 Kf6 49.
Ke4 c4 50. Kd4 h5 51. Bxh5 cxb3 52. axb3 Kf5 53. Bf7 Kxf4 54. Be6 Na8 55. h5 Kg5
56. Kc5 Nc7 57. Bd7 Kf6 58. h6 Kg6 59. Kc6  1-0

[Event "Olomouc Chess Summer 2023 - A2"]
[Site "Olomouc (CZE), Hotel Flora"]
[Date "2023.08.18"]
[Round "8"]
[Board "3"]
[White "Kulkarni, Bhakti"]
[Black "Polak, Tomas"]
[Result "1-0"]
[WhiteElo "2345"]
[BlackElo "2520"]
[PlyCount "0"]
[EventDate "2023.08.12"]
[EventRounds "9"]
[EventCountry "CZE"]

1. Nf3 Nf6 2. g3 d5 3. Bg2 e6 4. O-O Be7 5. d3 O-O 6. Bf4 c5 7. Re1 Nc6 8. Ne5 Nxe5
9. Bxe5 Ng4 10. Bc3 f5 11. h3 Nf6 12. a4 h5 13. e4 fxe4 14. dxe4 d4 15. Bd2 h4 16.
e5 Nh7 17. Be4 Ng5 18. Bg2 Bd7 19. f4 Nh7 20. Bxb7 hxg3 21. Na3 c4 22. Nxc4 Qc7 23.
Bxa8 Rxa8 24. Nd6 Rb8 25. b4 Bxd6 26. exd6 Qxd6 27. Ra3 Nf6 28. Rxg3 Bxa4 29. Qe2
Re8 30. Qe5 Qxe5 31. fxe5 Nd5 32. Rd3 Bxc2 33. Rxd4 Re7 34. Rc1 Ba4 35. Rc8+ Kh7
36. h4 Rf7 37. Bg5 a6 38. Rd8 Bd7 39. Rd2 Kg6 40. Rg2 Kh7 41. Rf2 Rxf2 42. Kxf2 Bb5
43. Bd2 Kg6 44. Rf8 Ne7 45. Kf3 Nf5 46. Be1 Ba4 47. Bf2 Bd1+ 48. Kf4 Be2 49. Ra8
Bb5 50. Rb8 Ne7 51. Be1 Bf1 52. Rb7 Nf5 53. Rb6 Kf7 54. Bf2 Bc4 55. Kg5 Bd3 56. Bc5
Ng3 57. Rb8 Ne4+ 58. Kf4 g5+ 59. hxg5 Nc3 60. Rf8+ Kg7 61. Ke3 Bb5 62. Rd8 Kg6 63.
Kf4 Nd5+ 64. Kg4 Be2+ 65. Kh4 Kf5 66. Rf8+ Kg6 67. Rh8 Kg7 68. Rh6 Nf4 69. Bf8+ Kg8
70. Rf6 Nd5 71. Rf2 Bd3 72. Kh5 Bf5 73. Bd6 Kg7 74. Rxf5 exf5 75. e6 f4 76. Kg4 Kg6
77. e7 Kf7 78. Kf5 f3 79. g6+ Ke8 80. g7 Nxe7+ 81. Bxe7 Kf7 82. Bc5  1-0

[Event "Olomouc Chess Summer 2023 - A2"]
[Site "Olomouc (CZE), Hotel Flora"]
[Date "2023.08.18"]
[Round "8"]
[Board "4"]
[White "Neuman, Petr"]
[Black "Vlasak, Lukas"]
[Result "1/2-1/2"]
[WhiteElo "2370"]
[BlackElo "2450"]
[PlyCount "0"]
[EventDate "2023.08.12"]
[EventRounds "9"]
[EventCountry "CZE"]

1. e4 e5 2. Nc3 Nf6 3. f4 d5 4. fxe5 Nxe4 5. d3 Nxc3 6. bxc3 Be6 7. Nf3 Be7 8. d4
c5 9. Bd3 Nc6 10. O-O h6  1/2-1/2

[Event "Olomouc Chess Summer 2023 - A2"]
[Site "Olomouc (CZE), Hotel Flora"]
[Date "2023.08.18"]
[Round "8"]
[Board "5"]
[White "Mirzoev, Azer"]
[Black "Stalmach, Richard"]
[Result "1/2-1/2"]
[WhiteElo "2417"]
[BlackElo "2433"]
[PlyCount "0"]
[EventDate "2023.08.12"]
[EventRounds "9"]
[EventCountry "CZE"]

1. d4 Nf6 2. Nf3 e6 3. c4 d5 4. Nc3 Bb4 5. e3 O-O 6. Bd2 c5 7. a3 Bxc3 8. Bxc3 Ne4
9. Rc1 Nxc3 10. Rxc3 cxd4 11. Qxd4 Nc6 12. Qd2 dxc4 13. Qxd8 Rxd8 14. Bxc4  1/2-1/2

[Event "Olomouc Chess Summer 2023 - A2"]
[Site "Olomouc (CZE), Hotel Flora"]
[Date "2023.08.19"]
[Round "9"]
[Board "1"]
[White "Stalmach, Richard"]
[Black "Levitan, Tal"]
[Result "1/2-1/2"]
[WhiteElo "2433"]
[BlackElo "2321"]
[PlyCount "0"]
[EventDate "2023.08.12"]
[EventRounds "9"]
[EventCountry "CZE"]

1. Nf3 d5 2. g3 c6 3. Bg2 Bg4 4. O-O Nd7 5. h3 Bh5 6. c4 e6 7. d4 Ngf6 8. cxd5 exd5
9. Ne5 Bg6 10. Nc3 Be7 11. f3 O-O 12. Nxg6 hxg6 13. e4 Re8 14. e5 Nh7 15. f4 Ndf8
16. g4 f5 17. Qd3 Qd7 18. Bf3 Rad8 19. Be3 Ne6 20. Kh2 Kh8 21. Rg1 c5 22. Nxd5 cxd4
23. Bd2 Nc5 24. Qe2 g5 25. gxf5 Qxf5 26. b4 Nd3 27. Be4 Nxf4 28. Bxf4 Qf7 29. Raf1
Rxd5 30. Bxg5 Qe6 31. Qh5 Qxe5+ 32. Rg3 Qxg3+ 33. Kh1 Qh2+ 34. Kxh2 Bd6+ 35. Kh1
Rxe4 36. Rc1 Bf8 37. h4 d3 38. Rf1 Bd6 39. Qf7 Rxg5 40. hxg5 Rh4+ 41. Kg1 Rg4+ 42.
Kh1 Rh4+  1/2-1/2

[Event "Olomouc Chess Summer 2023 - A2"]
[Site "Olomouc (CZE), Hotel Flora"]
[Date "2023.08.19"]
[Round "9"]
[Board "3"]
[White "Polak, Tomas"]
[Black "Neuman, Petr"]
[Result "1-0"]
[WhiteElo "2520"]
[BlackElo "2370"]
[PlyCount "0"]
[EventDate "2023.08.12"]
[EventRounds "9"]
[EventCountry "CZE"]

1. d4 d5 2. c4 c6 3. Nc3 Nf6 4. e3 g6 5. Nf3 Bg7 6. Bd3 O-O 7. h3 c5 8. O-O cxd4
9. exd4 Nc6 10. Bg5 dxc4 11. Bxc4 b6 12. a3 Bb7 13. Re1 Rc8 14. Ba2 Na5 15. Ne5 h6
16. Bxf6 exf6 17. Nxg6 Re8 18. Qg4 Nc4 19. Nh4 Nd6 20. Nb5 Rxe1+ 21. Rxe1 Nxb5 22.
Bxf7+ Kh8 23. Ng6+ Kh7 24. Qf5  1-0

[Event "Olomouc Chess Summer 2023 - A2"]
[Site "Olomouc (CZE), Hotel Flora"]
[Date "2023.08.19"]
[Round "9"]
[Board "4"]
[White "Delgerdalai, Bayarjavkhlan"]
[Black "Kulkarni, Bhakti"]
[Result "0-1"]
[WhiteElo "2273"]
[BlackElo "2345"]
[PlyCount "0"]
[EventDate "2023.08.12"]
[EventRounds "9"]
[EventCountry "CZE"]

1. e4 e5 2. Nf3 Nc6 3. Bc4 Bc5 4. c3 Nf6 5. d3 d6 6. Bg5 h6 7. Bh4 a6 8. a4 Ba7 9.
Nbd2 Qe7 10. O-O g5 11. Bg3 Nh7 12. Re1 h5 13. h4 g4 14. Nh2 Nf8 15. Ndf1 Ng6 16.
Ne3 Bxe3 17. Rxe3 Nxh4 18. Bxh4 Qxh4 19. d4 Qg5 20. Bd5 Ne7 21. dxe5 dxe5 22. Qd2
Nxd5 23. exd5 O-O 24. Qe2 f6 25. Qc4 Rf7 26. Rd1 Kg7 27. d6 Bf5 28. dxc7 Rc8 29.
Rf1 Rfxc7 30. Qb4 Qf4 31. Qa5 Bc2 32. Ra1 Rd7 33. Nf1 h4 34. b4 Rc4 35. Rc1 Be4 36.
b5 Rd6 37. bxa6 bxa6 38. Rce1 Kg6 39. g3 hxg3 40. Rxg3 Bf3 41. Ne3 Qh6 42. Ng2 Rd7
 0-1

[Event "Olomouc Chess Summer 2023 - A2"]
[Site "Olomouc (CZE), Hotel Flora"]
[Date "2023.08.19"]
[Round "9"]
[Board "5"]
[White "Rubes, Jan"]
[Black "Dzida, Kamil"]
[Result "1-0"]
[WhiteElo "2402"]
[BlackElo "2356"]
[PlyCount "0"]
[EventDate "2023.08.12"]
[EventRounds "9"]
[EventCountry "CZE"]

1. Nf3 Nf6 2. c4 b6 3. g3 c5 4. Bg2 Bb7 5. O-O e6 6. Nc3 Be7 7. d4 cxd4 8. Qxd4 O-O
9. Bf4 d6 10. Qd2 Qc8 11. b3 Rd8 12. Rfd1 a6 13. Rac1 Nbd7 14. h3 h6 15. g4 Ne5 16.
Qe3 Ng6 17. Bg3 Rb8 18. Na4 Bc6 19. Nxb6 Qb7 20. Na4 h5 21. c5 Nd5 22. Qd2 hxg4 23.
hxg4 dxc5 24. Nxc5 Qb6 25. Bxb8 Ndf4 26. Nd3 Nxg2 27. Rxc6 Qxc6 28. Bg3 N2h4 29.
Bxh4 Bxh4 30. Rc1 Qd5 31. Rc5 Qa8 32. Qe3 Bf6 33. Rc4 Qb7 34. Qe4 Qb8 35. Kg2 Be7
36. Nde5 Nxe5 37. Nxe5 Rd5 38. Nc6 Qe8 39. Nxe7+ Qxe7 40. Rc8+ Rd8 41. Qa8 Rxc8 42.
Qxc8+ Kh7 43. Qxa6 Qg5 44. Qd3+ f5 45. f3 Kh6 46. Qc4 Qe3 47. gxf5 exf5 48. a4 Qg5+
49. Kf1 Qg3 50. Qe6+ g6 51. Qe3+ f4 52. Qe6 Qh2 53. Ke1 Qg1+ 54. Kd2 Qa1 55. Kc2
Qd4 56. Qc4 Qe3 57. a5 Kg5 58. a6 Kh4 59. a7 Qxa7 60. Qxf4+ Kh5 61. Qg4+ Kh6 62.
Qh4+ Kg7 63. Qc4 Qa2+ 64. Kd3 Qb1+ 65. Qc2 Qh1 66. b4 Qh3 67. Qc5 Qe6 68. b5 Kh7
69. b6 Qb3+ 70. Kd2 Qb2+ 71. Ke1 Qb1+ 72. Kf2 Qb2 73. Qc7+  1-0

[Event "Olomouc Chess Summer 2023 - B1"]
[Site "Olomouc (CZE), Hotel Flora"]
[Date "2023.08.12"]
[Round "1"]
[Board "1"]
[White "Juhanak, Daniel"]
[Black "Michalek, Jan"]
[Result "0-1"]
[WhiteElo "1976"]
[BlackElo "2267"]
[PlyCount "0"]
[EventDate "2023.08.12"]
[EventRounds "9"]
[EventCountry "CZE"]

1. c4 e5 2. Nc3 Nc6 3. Nf3 Nf6 4. e3 Bb4 5. Qc2 O-O 6. Nd5 a5 7. h4 Re8 8. Ng5 h6
9. Nxf6+ Qxf6 10. Qh7+ Kf8 11. Ne4 Qg6 12. Qxg6 fxg6 13. a3 Be7 14. b3 d6 15. Bd3
Be6 16. Ng3 Bf7 17. Bb2 Bf6 18. O-O-O Rab8 19. Rdf1 Kg8 20. Be4 a4 21. Bd5 axb3 22.
Ne4 Bxd5 23. cxd5 Ne7 24. Nc3 c6 25. e4 Rec8 26. Kb1 cxd5 27. Nxd5 Nxd5 28. exd5
Rc5 29. Bc3 Rxd5 30. Kb2 Rb5 31. Bb4 Rd5 32. Kxb3 Rd3+ 33. Kc2 e4 34. g3 Rc8+ 35.
Kd1 Bc3 36. Ke2 Bxb4 37. axb4 Rc2 38. Rd1 Rb2 39. Rhf1 Rxb4 40. Rb1 Rdb3 41. Rbc1
Rb2 42. f3 h5 43. Rc8+ Kh7 44. Re8 Rd4 45. fxe4 Rbxd2+ 46. Ke3 R2d3+ 47. Kf4 d5 48.
Ra1 Rxe4+ 49. Rxe4 dxe4 50. Rb1 Rf3+ 51. Kxe4 Rxg3 52. Rxb7 Rg4+ 53. Kf3 g5 54. hxg5
Rxg5 55. Rb4 Kh6 56. Ra4 Rg1 57. Rb4 Kg5 58. Rb2 h4 59. Rb5+ Kh6 60. Kf2 Rg3 61.
Ra5 Rg5 62. Ra8 Kg6 63. Rh8 Rg4 64. Kf3 Kg5 65. Rg8 Rg3+ 66. Kf2 Kf4 67. Ra8 Kg4
68. Ra1 g5 69. Rb1 Rf3+ 70. Kg2 h3+ 71. Kh2 Rf2+ 72. Kh1 Kg3 73. Rg1+ Kf4 74. Ra1
g4 75. Ra4+ Kg3 76. Ra1 Re2 77. Rf1 Rd2 78. Rg1+ Kf3 79. Rf1+ Rf2 80. Ra1 g3 81.
Ra3+ Kf4 82. Ra4+ Ke5 83. Ra5+ Kd4 84. Ra4+ Kc5 85. Ra5+ Kb4 86. Ra1 Kb3 87. Re1
Kb2 88. Kg1 Rc2  0-1

[Event "Olomouc Chess Summer 2023 - B1"]
[Site "Olomouc (CZE), Hotel Flora"]
[Date "2023.08.12"]
[Round "1"]
[Board "2"]
[White "Ashwath, R."]
[Black "Kucharska, Honorata"]
[Result "1/2-1/2"]
[WhiteElo "2297"]
[BlackElo "2204"]
[PlyCount "0"]
[EventDate "2023.08.12"]
[EventRounds "9"]
[EventCountry "CZE"]

1. Nf3 d5 2. g3 Nf6 3. Bg2 e6 4. c4 Be7 5. O-O O-O 6. b3 c5 7. Bb2 d4 8. e3 Nc6 9.
exd4 cxd4 10. d3 e5 11. Re1 Bd6 12. c5 Bc7 13. Nbd2 Be6 14. Ng5 Bg4 15. Bf3 Bxf3
16. Ndxf3 h6 17. Ne4 Nxe4 18. dxe4 Qd7 19. a3 a5 20. Nd2 Rad8 21. Rb1  1/2-1/2

[Event "Olomouc Chess Summer 2023 - B1"]
[Site "Olomouc (CZE), Hotel Flora"]
[Date "2023.08.12"]
[Round "1"]
[Board "3"]
[White "Plischki, Sebastian"]
[Black "Degenhard, Simon"]
[Result "1-0"]
[WhiteElo "2319"]
[BlackElo "2242"]
[PlyCount "0"]
[EventDate "2023.08.12"]
[EventRounds "9"]
[EventCountry "CZE"]

1. d4 Nf6 2. c4 e6 3. Nc3 Bb4 4. e3 c5 5. Bd3 Nc6 6. Nge2 cxd4 7. exd4 d5 8. cxd5
Nxd5 9. O-O O-O 10. Nxd5 exd5 11. Nf4 Bd6 12. Re1 h6 13. Bb1 Ne7 14. a3 Re8 15. Ba2
Bf5 16. Nxd5 Nxd5 17. Rxe8+ Qxe8 18. Bxd5 Rd8 19. Bxb7 Be5 20. Be3 Qb5 21. Qf3 Qxb2
22. Re1 Bd6 23. Qxf5 Qxb7 24. a4 Qb4 25. Ra1 Qc3 26. Rc1 Qa3 27. Qc2 Be7 28. g3 Bf6
29. Rd1 Rd5 30. Qc8+ Rd8 31. Qc4 a5 32. Rb1 Qe7 33. d5 Qe5 34. Rb5 Qa1+ 35. Kg2 Bc3
36. Qc7 Rf8 37. Rb8 Rxb8 38. Qxb8+ Kh7 39. Qe8 Bb4 40. Qxf7 Qxa4 41. Qf5+ Kh8 42.
Bf4 Qd1 43. Qe6 Qb3 44. Qe8+ Kh7 45. Qe4+ Kg8 46. d6 Kf7 47. Qb7+ Kg6 48. d7 Qd3
49. Qb6+ Kh5 50. d8=Q  1-0

[Event "Olomouc Chess Summer 2023 - B1"]
[Site "Olomouc (CZE), Hotel Flora"]
[Date "2023.08.12"]
[Round "1"]
[Board "4"]
[White "Stigar, Petter"]
[Black "Bokhnak, Timofey"]
[Result "0-1"]
[WhiteElo "2213"]
[BlackElo "2197"]
[PlyCount "0"]
[EventDate "2023.08.12"]
[EventRounds "9"]
[EventCountry "CZE"]

1. Nf3 Nf6 2. d4 d5 3. c4 e6 4. Nc3 Be7 5. Bf4 O-O 6. e3 b6 7. cxd5 Nxd5 8. Nxd5
exd5 9. Bd3 c5 10. O-O Be6 11. Ne5 Qc8 12. Rc1 Nc6 13. Qf3 Rd8 14. Qh5 g6 15. Qe2
Nxe5 16. Bxe5 c4 17. Bb1 Qd7 18. h3 b5 19. Rfd1 a5 20. f3 Ra6 21. g4 a4 22. a3 Qb7
23. h4 Bxh4 24. Kg2 Qe7 25. Rh1 Bf6 26. Bf4 Bg5 27. Be5 Bc8 28. Rce1 Bf6 29. Bf4
Re8 30. Qf2 Re6 31. Kg3 Bg5 32. Qh2 h5 33. Be5 Bf6 34. f4 h4+ 35. Kf3 Bxe5 36. dxe5
g5 37. Qc2 Rh6 38. Rd1 f6 39. Qc3 fxe5 40. f5 d4  0-1

[Event "Olomouc Chess Summer 2023 - B1"]
[Site "Olomouc (CZE), Hotel Flora"]
[Date "2023.08.12"]
[Round "1"]
[Board "5"]
[White "Biolek, Richard"]
[Black "Kwon, Sehyun"]
[Result "1/2-1/2"]
[WhiteElo "2373"]
[BlackElo "2274"]
[PlyCount "0"]
[EventDate "2023.08.12"]
[EventRounds "9"]
[EventCountry "CZE"]

1. Nf3 d5 2. g3 Nc6 3. Bg2 e5 4. d3 Nf6 5. c3 Be7 6. Nbd2 e4 7. Nd4 Nxd4 8. cxd4
exd3 9. exd3 O-O 10. O-O c6 11. h3 Bd6 12. Nf3 Re8 13. Bd2 Bf5 14. Bc3 h5 15. Qd2
Nd7 16. Nh4 Bh7 17. f4 Qf6 18. Rae1 Bc7 19. Kh2 Bb6 20. Nf3 Qf5 21. Rd1 Nf8 22. Rfe1
Rxe1 23. Qxe1 Ne6 24. Qe5 f6 25. Qd6 Nf8 26. Qe7 Qd7 27. Qxd7 Nxd7 28. Nh4 g5 29.
fxg5 fxg5 30. Nf3 g4 31. Ng5 Re8 32. Nxh7 Kxh7 33. hxg4 hxg4 34. Bf1 Nf6 35. Rd2
Kg6 36. Rf2 Bc7 37. Re2 Rxe2+ 38. Bxe2 Kf5 39. Kg2 Nh5 40. Be1 Ng7 41. Kf2 Ne6 42.
Bc3 Bd8 43. Bd1 Bf6 44. Ke3 c5 45. Ke2 Bxd4 46. Ba4 Bxc3 47. bxc3 Ke5 48. Bd7 Kd6
49. Bc8 b5 50. Ke3 Ke5 51. Kd2 Ng7 52. Bxg4 Nf5 53. Be2 Nxg3 54. d4+ cxd4 55. cxd4+
Kxd4 56. Bxb5 Ne4+ 57. Kc2 Nc3 58. Ba6 Nxa2 59. Kb3 Nc3 60. Kb4 Ne4 61. Bb7 Ke5 62.
Ba6 Kd6 63. Bf1 Kc6 64. Ka5 Nc5 65. Bg2 Kd6 66. Kb5 a6+ 67. Kb6 d4 68. Bf1 Kd5 69.
Be2 Kd6 70. Bf1 Kd5 71. Be2 Nb3 72. Bxa6 Ke4 73. Kc6 Ke3 74. Kd5 Na1 75. Kc5 Nc2
76. Bb5 Kd2 77. Ba4 d3 78. Bb5 Kc3 79. Bxd3 Kxd3  1/2-1/2

[Event "Olomouc Chess Summer 2023 - B1"]
[Site "Olomouc (CZE), Hotel Flora"]
[Date "2023.08.13"]
[Round "2"]
[Board "1"]
[White "Michalek, Jan"]
[Black "Kwon, Sehyun"]
[Result "0-1"]
[WhiteElo "2267"]
[BlackElo "2274"]
[PlyCount "0"]
[EventDate "2023.08.12"]
[EventRounds "9"]
[EventCountry "CZE"]

1. e4 c6 2. d4 d5 3. exd5 cxd5 4. c4 Nf6 5. Nc3 Nc6 6. Nf3 a6 7. cxd5 Nxd5 8. Bc4
Be6 9. Be2 g6 10. Ng5 Bg7 11. Nxe6 fxe6 12. Be3 Qb6 13. Nxd5 exd5 14. O-O O-O 15.
Bg4 Kh8 16. Qe2 Bxd4 17. Bxd4+ Qxd4 18. Rad1 Qc5 19. Be6 Rad8 20. a3 a5 21. Rd3 Rf6
22. Rfd1 d4 23. Re1 Rdf8 24. f3 Rd8 25. Kh1 Rd6 26. Ba2 Qb5 27. Qd2 a4 28. Qc2 Qa5
29. Qe2 Rf5 30. Red1 Re5 31. Qf2 Re3 32. R3d2 Qe5 33. Bb1 Rf6 34. Bd3 g5 35. Qg3
Rf4 36. Kg1 Qf6 37. Qh3 Rh4 38. Qc8+ Kg7 39. Be4 Qe5 40. g3 Rh6 41. Qxb7 d3 42. Rf2
Qc5 43. Rdf1 d2 44. Kg2 Re1 45. Rxd2 Rxf1  0-1

[Event "Olomouc Chess Summer 2023 - B1"]
[Site "Olomouc (CZE), Hotel Flora"]
[Date "2023.08.13"]
[Round "2"]
[Board "2"]
[White "Bokhnak, Timofey"]
[Black "Biolek, Richard"]
[Result "1-0"]
[WhiteElo "2197"]
[BlackElo "2373"]
[PlyCount "0"]
[EventDate "2023.08.12"]
[EventRounds "9"]
[EventCountry "CZE"]

1. e4 e5 2. Nf3 Nc6 3. Bb5 Nf6 4. d3 d6 5. c3 Be7 6. O-O O-O 7. Nbd2 a6 8. Ba4 b5
9. Bc2 Re8 10. a4 Bb7 11. Re1 Bf8 12. Nf1 h6 13. Ne3 d5 14. axb5 axb5 15. Rxa8 Bxa8
16. Nxd5 Nxd5 17. exd5 Qxd5 18. d4 e4 19. Nd2 e3 20. Rxe3 Nxd4 21. Be4 Rxe4 22. Nxe4
Nb3 23. Nf6+ gxf6 24. Rg3+  1-0

[Event "Olomouc Chess Summer 2023 - B1"]
[Site "Olomouc (CZE), Hotel Flora"]
[Date "2023.08.13"]
[Round "2"]
[Board "3"]
[White "Degenhard, Simon"]
[Black "Stigar, Petter"]
[Result "1-0"]
[WhiteElo "2242"]
[BlackElo "2213"]
[PlyCount "0"]
[EventDate "2023.08.12"]
[EventRounds "9"]
[EventCountry "CZE"]

1. e4 c6 2. c4 d5 3. exd5 cxd5 4. cxd5 Nf6 5. Nc3 Nxd5 6. Nf3 Nc6 7. Bb5 g6 8. Qa4
Nb6 9. Bxc6+ bxc6 10. Qxc6+ Bd7 11. Qe4 Bg7 12. O-O Rc8 13. d4 Bc6 14. Qe2 Bxf3 15.
Qxf3 Qxd4 16. Re1 e6 17. Qb7 O-O 18. Qxa7 Ra8 19. Qc7 Rfc8 20. Qg3 Nc4 21. h3 Qb6
22. Re2 Qb4 23. Rc2 Nd6 24. Qf4 Rc4 25. Qf3 Rac8 26. Bd2 Nf5 27. Ne2 Qb8 28. Rxc4
Rxc4 29. Qb3 Qxb3 30. axb3 Rc8 31. Bc3 Rb8 32. b4 Ne7 33. Nf4 Nd5 34. Nxd5 exd5 35.
Kf1 d4 36. Bd2 Bf8 37. Ra4 Rc8 38. Ke2 Rc2 39. Kd1 d3 40. Ra8 Kg7 41. Rd8  1-0

[Event "Olomouc Chess Summer 2023 - B1"]
[Site "Olomouc (CZE), Hotel Flora"]
[Date "2023.08.13"]
[Round "2"]
[Board "4"]
[White "Kucharska, Honorata"]
[Black "Plischki, Sebastian"]
[Result "1/2-1/2"]
[WhiteElo "2204"]
[BlackElo "2319"]
[PlyCount "0"]
[EventDate "2023.08.12"]
[EventRounds "9"]
[EventCountry "CZE"]

1. e4 c5 2. Nf3 e6 3. g3 Nc6 4. Bg2 Nf6 5. Qe2 e5 6. c3 Be7 7. O-O O-O 8. d3 h6 9.
Na3 Re8 10. Nc4 Bf8 11. Nh4 d6 12. Ne3 g6 13. b3 Bg7 14. Bb2 Be6 15. Nd5 Bxd5 16.
exd5 Ne7 17. c4 Nd7 18. Rae1 Kh7 19. Qd2 Ng8 20. Nf3 f5 21. h4 Ngf6 22. Nh2 Rb8 23.
Re2 b5 24. Ra1 Qb6 25. Nf1 b4 26. a4 Re7 27. Rae1 Rbe8 28. Nh2 Qd8 29. Nf1 a5  1/2-1/2

[Event "Olomouc Chess Summer 2023 - B1"]
[Site "Olomouc (CZE), Hotel Flora"]
[Date "2023.08.13"]
[Round "2"]
[Board "5"]
[White "Juhanak, Daniel"]
[Black "Ashwath, R."]
[Result "0-1"]
[WhiteElo "1976"]
[BlackElo "2297"]
[PlyCount "0"]
[EventDate "2023.08.12"]
[EventRounds "9"]
[EventCountry "CZE"]

1. e4 e5 2. Nf3 Nc6 3. Bb5 a6 4. Ba4 d6 5. O-O Bd7 6. c4 Nge7 7. Nc3 g6 8. d4 Bg7
9. Nd5 Nxd5 10. exd5 Nxd4 11. Nxd4 exd4 12. Re1+ Kf8 13. Bg5 Bxa4 14. Bxd8 Bxd1 15.
Be7+ Kg8 16. Raxd1 h6 17. f4 Kh7 18. g4 b5 19. c5 dxc5 20. Bxc5 Rad8 21. Bxd4 Rxd5
22. Bxg7 Rxd1 23. Rxd1 Kxg7 24. Rc1 Rd8 25. Rc2 Rd4 26. Rf2 g5 27. Kg2 c5 28. Kg3
gxf4+ 29. Kf3 c4 30. Re2 b4 31. Rc2 Kg6 32. h4 c3 33. bxc3 Rc4 34. Rb2 bxc3 35. Rc2
h5 36. a3 Kh6 37. g5+ Kg6 38. Kg2 Kf5 39. Kf3 Rc5 40. a4 Rc4 41. a5 Rc5 42. Rc1 c2
43. Kf2 Ke4 44. Ke2 f3+ 45. Kd2 Kf4 46. Ke1 Ke3 47. Kf1 Kd2  0-1